El arte narrativo de Francisco Ayala
Na minha lista:
| Autor principal: | |
|---|---|
| Formato: | Livro |
| Idioma: | espanhol |
| Publicado em: |
Madrid
Gredos
1964
|
| coleção: | Biblioteca Románica Hispánica, 79
|
| Assuntos: | |
| Tags: |
Adicionar Tag
Sem tags, seja o primeiro a adicionar uma tag!
|
MARC
| LEADER | 00000nam a2200000 a 4500 | ||
|---|---|---|---|
| 001 | UCT9832 | ||
| 003 | CL-VaPUC | ||
| 008 | 970412e19640000SP |||||||||||||||||spa|d | ||
| 082 | 0 | 4 | |a 863.09 |b ELL |2 21 |
| 100 | 0 | |a Ellis, Keith |e author |9 382886 | |
| 245 | 1 | 3 | |a El arte narrativo de Francisco Ayala |
| 300 | |a 258 p | ||
| 942 | |c BK | ||
| 945 | |d 19970412 00:00:00 |a amoreno | ||
| 260 | |a Madrid |b Gredos |c 1964 | ||
| 600 | 0 | |a Ayala, Francisco |e author |9 466127 | |
| 650 | 7 | |a NOVELA ESPAÑOLA |2 CL-VaPUC |9 313139 | |
| 650 | 0 | |a Historia y crítica |9 257407 | |
| 650 | 0 | |a Crítica literaria |9 269189 | |
| 650 | 0 | |a Crítica e interpretación |9 255042 | |
| 583 | |a last modification |c 19970412 00:00:00 |k Rodrigo Vera | ||
| 490 | 0 | |a Biblioteca Románica Hispánica, 79 | |
| 999 | |c 258198 |d 258196 | ||